Stars and atoms, (Record no. 544033)
[ view plain ]
| 000 -LEADER | |
|---|---|
| fixed length control field | 00717cam a22001811 4500 |
| 082 ## - DEWEY DECIMAL CLASSIFICATION NUMBER | |
| Classification number | 523.8 |
| Author Mark | EDD |
| -- | L-tech, p-8 |
| 100 1# - MAIN ENTRY--PERSONAL NAME | |
| Personal name | Eddington, Arthur Stanley, |
| 9 (RLIN) | 39571 |
| 245 10 - TITLE STATEMENT | |
| Title | Stars and atoms, |
| Statement of responsibility, etc. | by A.S. Eddington ... |
| 260 ## - PUBLICATION, DISTRIBUTION, ETC. | |
| Place of publication, distribution, etc. | New Haven, |
| Name of publisher, distributor, etc. | Yale university press; |
| Place of publication, distribution, etc. | London, |
| Name of publisher, distributor, etc. | H. Milford, Oxford university press, |
| Date of publication, distribution, etc. | 1927. |
| 300 ## - PHYSICAL DESCRIPTION | |
| Extent | 127, [1] p. |
| Other physical details | front., plates, diagr. |
| Dimensions | 23 cm. |
| 500 ## - GENERAL NOTE | |
| General note | Based on the lectures given by Professor Eddington before the British association at Oxford, and at King's college, London, in 1926. |
| 500 ## - GENERAL NOTE | |
| General note | Printed in Great Britain. |
| 526 ## - STUDY PROGRAM INFORMATION NOTE | |
| Program name | 0 |
| Interest level | 0 |
| Reading level | 0 |
| Title point value | 523_800000000000000_EDD |
| 650 #0 - SUBJECT ADDED ENTRY--TOPICAL TERM | |
| Topical term or geographic name entry element | Atoms. |
| 9 (RLIN) | 10462 |
| 650 #0 - SUBJECT ADDED ENTRY--TOPICAL TERM | |
| Topical term or geographic name entry element | MCE |
| 9 (RLIN) | 379 |
| 650 #0 - SUBJECT ADDED ENTRY--TOPICAL TERM | |
| Topical term or geographic name entry element | Stars. |
| 9 (RLIN) | 39572 |
| 942 ## - ADDED ENTRY ELEMENTS (KOHA) | |
| Source of classification or shelving scheme | |
| Koha item type | Book |
| Withdrawn status | Lost status | Source of classification or shelving scheme | Damaged status | Not for loan | Permanent Location | Current Location | Date acquired | Total Checkouts | Full call number | Barcode | Date last seen | Price effective from | Koha item type |
|---|---|---|---|---|---|---|---|---|---|---|---|---|---|
| Military College of Engineering (MCE) | Military College of Engineering (MCE) | 04/09/2014 | 523.8 EDD | MCE-40025 | 04/09/2014 | 04/09/2014 | Book |
